Consumption in the period of unemployment and retirement

Saved in:
Bibliographic Details
Main Author: Lesáková, Dagmar, 1949-
Other Authors: Rostášová, Mária, Simova, Dana
Format: Book
Language:English
Published: Praha Wolters Kluwer 2017
Edition:1st ed.
Subjects:
Tags: Add Tag
No Tags, Be the first to tag this record!

MARC

LEADER 00000nam a2200000 4500
001 0237556
005 20240502083635.8
020 |a 978-80-7552-901-5 
041 0 |a eng 
044 |a CZ 
245 1 0 |a Consumption  |b in the period of unemployment and retirement  |c Dagmar Lesáková ; reviewers: Mária Rostášová, Dana Simova 
250 |a 1st ed. 
264 1 |a Praha  |b Wolters Kluwer  |c 2017 
300 |a 125 s. [6,25 AH] 
610 2 0 |a spotreba 
610 2 0 |a nezamestnanosť 
610 2 0 |a správanie spotrebiteľa 
610 2 0 |a seniori 
610 2 0 |a riadenie obchodu 
610 2 0 |a maloobchod 
100 1 |a Lesáková, Dagmar, 1949- 
700 1 |a Rostášová, Mária 
700 1 |a Simova, Dana